00713nam a2200205Ia 4500999001500000020001800015082001800033100002500051245009000076260004500166300001200211504003600223650002400259650002400283650001500307650001700322650003500339942000700374952012600381 c5357d5357 a0-19-568014-6 a340.534 WTL-P aWilliams, Rina Verma 0aPostcolonial politics and personal laws: colonial legal legacies and the Indian state aNew DelhibOxford University Pressc2006 avi, 214 aincludes bibliography and index aLawvHistoryzIndia aLaw, AncientzIndia aLaw, Hindu aLaw, Islamic aIndiavPolitics and government cBK 00104070aNASSDOCbNASSDOCd2006-12-27eUPPALi2006-11-08l0o340.534 WTL-Pp43080r2019-04-18 00:00:00w2019-04-18yBK